000
00296nam a2200109Ia 4500
008
220204s9999 xx 000 0 und d
082
_a
677
_b
SCH
245
0
_a
Surface characteristics of fibers and textiles. 2 Pts
260
_a
New York
_b
Marcel Dekker
_c
1975
700
_a
Schick, M J
942
_c
BK
999
_c
25690
_d
25690